| 000 | 00927nam a2200241 a 4500 | ||
|---|---|---|---|
| 005 | 20171128113021.0 | ||
| 008 | 081223s1998 ck gru 00110 spa d | ||
| 040 |
_aCO-BoBLA _cCO-BoBLA _dCO-BoIAVH |
||
| 041 | 1 |
_aspa _heng |
|
| 044 | _ack | ||
| 082 | 0 | 4 |
_a025.490218 _bI57d |
| 110 | 2 | _aInstituto Colombiano de Normas Técnicas y Certificación | |
| 245 | 1 | 0 |
_aDocumentación : _bguía para el establecimiento y desarrollo de tesauros monolingües / _cIcontec |
| 250 | _aSegunda actualización | ||
| 260 | 3 |
_aBogotá : _bIcontec, _c1998. |
|
| 300 |
_a69 páginas ; _c30 x 21 cm. |
||
| 500 | _aISO 2788/1986. | ||
| 504 | _aIncluye referencias bibliográficas. | ||
| 534 |
_pTítulo original : _tDocumentation. Guidelines for the establishment and development of monolingual thesauri. |
||
| 650 | 2 | 6 |
_aTesauros _xNormas técnicas. |
| 650 | 2 | 6 |
_aDocumentación _xNormas técnicas. |
| 942 |
_2ddc _cLIBRO |
||
| 999 |
_c2874 _d2874 |
||